| 000 | 00000nas 2200000za 4500 |
| 001 | 9.507329 |
| 003 | CaOODSP |
| 005 | 20231129100506 |
| 007 | cr ||||||||||| |
| 008 | 150406c1996||||xxc|| p o||||f| |0eng|d |
| 022 | |a1700-5833 |
| 040 | |aCaOODSP|beng |
| 043 | |an-cn--- |
| 086 | 1 |aIu77-1/2E-PDF|zRG77-1/1-1997|zRG77-1/1-1998|zRG77-1/1-1999|zRG77-1/1-2000|zRG77-1/1-2001|zRG77-1/2002|zRG77-1/1-2003|zIu77-1/2-2004 |
| 110 | 1 |aCanada. |bOffice of the Ethics Counsellor. |
| 210 | 0 |aLobby. Code Conduct annu. rep. |b(Online) |
| 222 | 0|aLobbyists' Code of Conduct annual report |b(Online) |
| 240 | 10|aLobbyists' Code of Conduct, annual report for the year ended ... (Online) |
| 245 | 10|aLobbyists' Code of Conduct, annual report for the year ended ... |
| 246 | 1 |iSome issues have title: |aLobbyists' Code of Conduct, annual report |
| 264 | 1|aOttawa : |bIndustry Canada, Office of the Ethics Counsellor, |c[1996-2005] |
| 310 | |aAnnual |
| 336 | |atext|btxt|2rdacontent |
| 337 | |acomputer|bc|2rdamedia |
| 338 | |aonline resource|bcr|2rdacarrier |
| 362 | 1 |aBegan with 1996; ceased with 2004/2005. |
| 500 | |aDigitized edition from print [produced by Innovation, Science and Economic Development Canada]. |
| 500 | |aIssued also in French under title: Code de déontologie des lobbyistes, rapport annuel. |
| 500 | |aFirst issue includes letter from the Ethic Counsellor only. |
| 515 | |aReport year ends Mar. 31. |
| 530 | |aAlso issued in print. |
| 588 | |aDescription based on : 1997. |
| 588 | |aLatest issue consulted : 2004. |
| 610 | 10|aCanada. |bOffice of the Ethics Counsellor |vPeriodicals. |
| 650 | 0|aLobbyists|xProfessional ethics|zCanada|vPeriodicals. |
| 650 | 0|aLobbying|zCanada|vPeriodicals. |
| 651 | 0|aCanada. |
| 655 | 7|aPeriodicals|2lcgft |
| 775 | 08|tCode de déontologie des lobbyistes, rapport annuel pour l'exercice terminé … |w(CaOODSP)9.503718 |
| 785 | 00|tRegistrar of Lobbyists - annual reports |w(CaOODSP)9.505347 |